000 00400pam a2200157a 44500
008 230515b1993 xxu||||| |||| 00| 0 eng d
020 _aNULL
041 _aENGLISH
082 _a618.2
100 _aDAWN C S
245 _aTEXT BOOK OF GYNAECOLOGY AND CONTRACEPTION
250 _a11
260 _aCALCUTTA
_bDAWN BOOKS
_c1993
300 _a704
650 _aTEXT BOOK OF GYNAECOLOGY & CONTRACEPTION
999 _c482552
_d482552